| 000 | 02088nam a2200373 c 4500 | ||
|---|---|---|---|
| 001 | 59142 | ||
| 003 | CO-BoRNBP | ||
| 005 | 20250911221306.0 | ||
| 007 | ta | ||
| 008 | 231023s2023 ck a ||jr ||| 00| 0 spa d | ||
| 020 | _a9786289524031 | ||
| 040 |
_aCO-BoRNBP _bspa _erda _cCO-BoRNBP |
||
| 041 | 0 | _aspa | |
| 043 | _as-ck--- | ||
| 084 | _aC | ||
| 100 |
_aCobaría Zúe, Lorenzo _eaut _964895 |
||
| 245 | 1 | 3 |
_aLa mamá de la lluvia y otros cuentos de Güicán de la Sierra / _cZué Lorenzo Cobardía ; ilustraciones Laura Patiño. |
| 250 | _aPrimera edición | ||
| 264 | 1 |
_aBogotá, Colombia : _bEditoriual Monigote, _c2023 |
|
| 300 |
_a149 páginas : _bilustraciones a blanco y negro |
||
| 336 |
_atexto _btxt _2rdacontent |
||
| 337 |
_asin mediación _bn _2rdamedia |
||
| 338 |
_avolumen _bnc _2rdacarrier |
||
| 500 | _aIncluye glosario | ||
| 505 | 0 | _aMarcelina y el caballo blanco. -- El agualongo. -- La mamá de la lluvia. -- El púlpito del diablo. -- La laguna del silencio. -- El gallo de Juan Paramero. -- El paso de Malpaso. -- La sonajera de aldabas | |
| 520 | 3 | _aEste libro reúne ocho cuentos cuyos personajes, tramas y escenarios son oriundos de Güicán de la Sierra, un pueblo ubicado en las faldas de la Sierra Nevada del Cocuy que goza de una fantástica tradición oral de indígenas y campesinos. Su autor, el escritor Zué Lorenzo Cobaría creció allí, en las tierras más altas de Boyacá, escuchado las historias que los indígenas U'wa contaban sobre los espíritus de la naturaleza, y las anécdotas que sus abuelos le contaban sobre apuestas, borrachines, hechiceras, parteras, culebreros y milagros de la Virgen Morenita, la santa patrona del pueblo, cuyo manto cobija día a sus habitantes | |
| 521 | _aRecomendado para un público mayor de 12 años | ||
| 545 | _aIncluye información biográfica de los autores | ||
| 650 | 0 | 4 |
_aCuentos juveniles colombianos _ySiglo XXI _2LEMB |
| 650 | 0 | 4 |
_aLiteratura juvenil Colombiana _ySiglo XXI _2LEMB |
| 650 | 0 | 7 |
_aLluvia en la literatura _2lemb _958492 |
| 700 | 1 |
_aPatino, Laura _959242 |
|
| 942 |
_2loc _cBKLIT |
||
| 999 |
_c59142 _d59142 |
||